Elements Of Compiler Design (Record no. 329691)
[ view plain ]
| 000 -LEADER | |
|---|---|
| fixed length control field | 00439nam a2200169Ia 4500 |
| 008 - FIXED-LENGTH DATA ELEMENTS--GENERAL INFORMATION | |
| fixed length control field | 230718s9999 xx 000 0 und d |
| 020 ## - INTERNATIONAL STANDARD BOOK NUMBER | |
| International Standard Book Number | 9781420063233 |
| 041 ## - LANGUAGE CODE | |
| Language code of text/sound track or separate title | eng |
| 082 ## - DEWEY DECIMAL CLASSIFICATION NUMBER | |
| Classification number | 005.4'53 |
| Item number | MED |
| 100 ## - MAIN ENTRY--PERSONAL NAME | |
| Personal name | Meduna A. |
| 245 ## - TITLE STATEMENT | |
| Title | Elements Of Compiler Design |
| 260 ## - PUBLICATION, DISTRIBUTION, ETC. (IMPRINT) | |
| Date of publication, distribution, etc. | 2012 |
| Name of publisher, distributor, etc. | Auerbach Publications |
| 300 ## - PHYSICAL DESCRIPTION | |
| Extent | 286 |
| 365 ## - TRADE PRICE | |
| Currency code | Rs. |
| Price amount | 450.00 |
| 700 ## - ADDED ENTRY--PERSONAL NAME | |
| Personal name | Meduna A. |
| 906 ## - LOCAL DATA ELEMENT F, LDF (RLIN) | |
| d | O:0249923-Jan-2012B:302612-Jan-2012 |
| c | IT |
| b | 225 |
| Withdrawn status | Lost status | Damaged status | Not for loan | Home library | Current library | Date acquired | Vendor | Budget Code | Cost, normal purchase price | Bill number | Total Checkouts | Full call number | Barcode | Date last seen | Discount | Cost, replacement price | Bill Date | Koha item type | Original Barcode |
|---|---|---|---|---|---|---|---|---|---|---|---|---|---|---|---|---|---|---|---|
| Cummins College of Engineering for Women Pune | Cummins College of Engineering for Women Pune | 23/01/2012 | Om Book Stall | IT | 337.50 | 3026 | 005.4'53 | CCEP-BK-40898 | 18/07/2023 | 225 | 450.00 | 12/01/2012 | Books | 040898 |